Most common city names in the world - Statistics

General Stats
  • This quiz has been taken 70 times
  • The average score is 3 of 10
Answer Stats
# Places Name % Correct
1.761 San Jose
93%
1.166 San Juan
54%
1.691 San Antonio
52%
1.017 San Francisco
51%
1.246 Santa Maria
42%
1.212 Santa Rosa
16%
989 San Miguel
13%
1.191 San Pedro
13%
852 La Esperanza
0%
892 San Isidro
0%
No matching quizzes found
Score Distribution
Percent of People with Each Score
Percentile by Number Answered
Your Score History
You have not taken this quiz